Historia universal de la Iglesia Católica / (Record no. 163863)

MARC details
000 -LEADER
campo de control de longitud fija 01157nam a2200253 4500
001 - NÚMERO DE CONTROL
campo de control 163863
003 - IDENTIFICADOR DE NÚMERO DE CONTROL
campo de control ES-MaACL
005 - FECHA Y HORA DE LA ÚLTIMA TRANSACCIÓN
campo de control 20250809063531.0
008 - DATOS DE LONGITUD FIJA--INFORMACIÓN GENERAL
campo de control de longitud fija 950324m18981903sp |||| | spa d
040 ## - FUENTE DE CATALOGACIÓN
Centro catalogador/agencia de origen EUS
Lengua de catalogación spa
Centro/agencia transcriptor EUS
100 1# - ENTRADA PRINCIPAL--NOMBRE DE PERSONA
Nombre de persona Rohrbacher, René François,
Fechas asociadas al nombre 1789-1856
9 (RLIN) 131992
245 10 - MENCIÓN DEL TÍTULO
Título Historia universal de la Iglesia Católica /
Mención de responsabilidad, etc. por R.F. Rohrbacher.
250 ## - MENCION DE EDICION
Mención de edición 1ª ed. española con notas, disertaciones y adiciones originales
Resto de la mención de edición bajo la dirección y censura del M.I.Sr.D. manuel González Peña.
260 ## - PUBLICACIÓN, DISTRIBUCIÓN, ETC.
Lugar de publicación, distribución, etc. Madrid :
Nombre del editor, distribuidor, etc. Casa Editorial de San Francisco de Sales,
Fecha de publicación, distribución, etc. 1898-1903.
300 ## - DESCRIPCIÓN FÍSICA
Extensión 5 v. ;
Dimensiones 25 cm.
504 ## - NOTA DE BIBLIOGRAFÍA, ETC.
Nota de bibliografía, etc. Referencias bibliográficas.
594 ## - Nota al título y mención de responsabilidad
Nota al título y mención de responsabilidad Traductor del vol. II obtenido de la cubierta: Prudencio de Lapaza de Matiartu.
595 ## -
-- Existe ed. con 1904 como fecha de publicación en el vol. V.
597 ## - NOTA DE DESCRIPCIÓN FÍSICA
NOTA DE DESCRIPCIÓN FÍSICA Vol. I (XXII, 761 p.) -- Vol. II ( 856 p.) -- Vol. III (913 p.) -- Vol. IV ( 897 p.) -- Vol. V (910 p.)
700 21 - ENTRADA AGREGADA--NOMBRE PERSONAL
Nombre de persona González Peña, Manuel,
Término indicativo de función/relación
9 (RLIN) 127424
752 ## - ENTRADA AGREGADA--NOMBRE JERÁRQUICO DEL LUGAR
País o entidad superior España -
Ciudad Madrid
852 ## - LOCALIZACIÓN
Ubicación ES-MaACL
Número de control de estantería G-1521-1525
Nota libre -- Enc. pasta española
Holdings
Estatus retirado Estado de pérdida Estado de daño No para préstamo Colección Biblioteca de origen Biblioteca actual Ubicación en estantería Fecha de adquisición Fuente de adquisición Total de préstamos Signatura topográfica completa Código de barras Visto por última vez Precio de reemplazo Tipo de ítem Koha
        Libros del s. XIX Biblioteca del Ateneo de Madrid Biblioteca del Ateneo de Madrid Depósito 2 17/01/2008     G-1521-1525 1171733 23/02/2023 23/02/2023 Libro impreso antiguo